| 000 | 00776nam a2200229 i 4500 | ||
|---|---|---|---|
| 001 | bg | ||
| 100 | 1 | _aSZALA, Józef | |
| 245 | 1 | 0 |
_aPodstawowe problemy współczesnej techniki i technologii : _bpodręcznik dla studentów kierunku studiów Zarządzanie i marketing w organizacji gospodarczej / _cJózef Szala. |
| 260 |
_aBydgoszcz : _bWydawnictwa Uczelniane Akademii Techniczno-Rolniczej, _c1998. |
||
| 300 |
_a152 s. : _b2 fot., rys., wykr. ; _c24 cm. |
||
| 504 | _aBibliogr. przy rozdz. | ||
| 650 | 9 |
_aTechnika _xurządzenia |
|
| 650 | 9 | _aTechnologia | |
| 655 | _aPodręczniki akademickie | ||
| 020 | _a8387274909 | ||
| 040 | _cBPK | ||
| 041 | 0 | _apl | |
| 080 | _a62(075.8) | ||
| 920 | _a83-87274-90-9 | ||
| 942 | _cKS | ||
| 008 | s pl f |000 0 pol | ||
| 999 |
_c37728 _d37728 |
||
| 856 |
_uhttp://koha.tu.koszalin.pl/cgi-bin/koha/opac-detail.pl?biblionumber=37728 _yKatalog online BPK |
||